000 00429nam a22001457a 4500
003 SGT
082 _a617.84
_bE24D
100 _aDASH, SILPISHREE
245 _aEFFECT OF CANAL ENLARGEMENT EXERCISES ALONG WITH MOTOR CONTROL TRAINING ON VARIOUS CLINICAL OUTCOMES IN PATIENTS WITH LUMBAR SPINAL STENOSIS
260 _aGURUGRAM
_bSGT UNIVERSITY
_c2024
300 _a118
650 _aNEUROLOGY
653 _aMPT
942 _2ddc
_cTH
999 _c32183
_d32183